Shakespeare in Love : (Record no. 587280)

MARC details
000 -LEADER
fixed length control field 00470nam a2200193 a 4500
008 - FIXED-LENGTH DATA ELEMENTS--GENERAL INFORMATION
fixed length control field 250916s1999##################000#0#eng##
020 ## - INTERNATIONAL STANDARD BOOK NUMBER
ISBN 9780571201082
082 04 - DEWEY DECIMAL CLASSIFICATION NUMBER
Classification number 791.4372
Item number NOR
100 1# - MAIN ENTRY--AUTHOR NAME
Personal name Norman, Marc,
245 10 - TITLE STATEMENT
Title Shakespeare in Love :
260 ## - PUBLICATION, DISTRIBUTION, ETC. (IMPRINT)
Name of publisher Gardners Books,
Year of publication 1999.
300 ## - PHYSICAL DESCRIPTION
Number of Pages 169 pages
650 #0 - SUBJECT ADDED ENTRY--TOPICAL TERM
Topical Term Performing Arts.
942 ## - ADDED ENTRY ELEMENTS (KOHA)
Koha item type English Books
Holdings
Withdrawn status Lost status Damaged status Not for loan Home library Current library Shelving location Date acquired Full call number Accession Number Price effective from Koha item type
        Anna Centenary Library Anna Centenary Library 6TH FLOOR, B WING 16.09.2025 791.4372 NOR 481185 16.09.2025 English Books

Find us on the map